000 01732nam a22004457a 4500
003 CHAP
005 20220329143245.0
008 071017s2007 mx b r 00010 spa d
010 _a94050
011 _a95022
035 _a105625
040 _cCHAP
090 _aTesis
100 1 _aSánchez Cruz, Noemí.
_9107443
245 1 0 _aEscuela de promotoras comunitarias del sistema DIF municipal de Huichapan, Hidalgo
_c/por Noemí Sánchez Cruz
260 _aChapingo, Méx. :
_bEl autor,
_c2007
300 _a82 h. :
_bgráfs. ; cuadros. ; mapa. ; anexo
502 _aTesis (Ing. en Agroecologia) -- UACH. Departamento de Agroecologia
530 _aTambién disponible en línea
590 _aALEPH
_b10
_c20130110
_lUCH01
_h1519
590 _aBATCH-UPD
_b10
_c20130110
_lUCH01
_h0417
590 _aBATCH-UPD
_b10
_c20130110
_lUCH01
_h2010
590 _aBATCH-UPD
_b10
_c20130410
_lUCH01
_h0051
590 _aBATCH-UPD
_b10
_c20130914
_lUCH01
_h1148
590 _aBATCH-UPD
_b10
_c20140324
_lUCH01
_h1504
590 _aBATCH-UPD
_b10
_c20141002
_lUCH01
_h0834
590 _aCONVERSION
_b10
_c20130109
_lUCH01
_h1352
650 1 4 _aDesarrollo de la comunidad rural.
_931995
650 1 4 _aInvestigación participativa.
_960254
650 1 4 _aMujer en agricultura.
_979359
650 1 4 _aMujer en comunidades rurales.
_979360
650 1 4 _aMujer en comunidades rurales
_xHidalgo.
_979373
650 1 4 _aMujer
_xSituación social
_zHidalgo.
_979356
856 _3Finding aid
_uhttp://10.13.5.2/tesis/105625.pdf
_zTeclea aqui
901 _aBK
905 _aLuisgm
942 _cFOLL
949 _aTesis
_bBC
_cTES
_d33724002039264
_eTS1
_gDonaciØn
_h47058
_i105625
_sb
949 _aTesis
_bBC
_cTES
_d33724002039272
_eTS2
_fc.2
_gDonaciØn
_h47059
_i105625
_sb
999 _c94050
_d94050